| 000 | 00446nam a2200181 i 4500 | ||
|---|---|---|---|
| 001 | bg | ||
| 100 | 1 | _aMOORJANI, Kishin | |
| 245 | 0 |
_aMagnetic glasses / _cK. Moorjani, J.M.D. Coey. |
|
| 260 |
_aAmsterdam : _bElsevier, _c1984. |
||
| 700 | 1 | _aCOEY, J. M. D. | |
| 020 | _a0444422633 | ||
| 040 | _cBPK | ||
| 041 | _apol | ||
| 080 | _a530.1:537.6/.8:669 | ||
| 920 | _a0-444-42263-3 | ||
| 942 | _cKS | ||
| 008 | s pl f |000 0 pol | ||
| 999 |
_c28218 _d28218 |
||
| 856 |
_uhttp://koha.tu.koszalin.pl/cgi-bin/koha/opac-detail.pl?biblionumber=28218 _yKatalog online BPK |
||